ბათუმის შოთა რუსთაველის სახელმწიფო უნივერსიტეტის ბიბლიოთეკა

პოლიტიკა (ბიბ.ჩანაწერი № 51324)

000 -LEADER
fixed length control field 00574nam a2200157Ia 4500
001 - CONTROL NUMBER
control field 18293
003 - CONTROL NUMBER IDENTIFIER
control field GE_BSU
008 - FIXED-LENGTH DATA ELEMENTS--GENERAL INFORMATION
fixed length control field 181216s||||||||xx |||||||||||||| ||und||
040 ## - CATALOGING SOURCE
Transcribing agency GE_BSU
100 ## - MAIN ENTRY--PERSONAL NAME
Personal name ჰეივუდი,ენდრიუ
245 ## - TITLE STATEMENT
Title პოლიტიკა
245 ## - TITLE STATEMENT
Remainder of title [პოლიტიკა,პოლიტოლოგია]
245 ## - TITLE STATEMENT
Statement of responsibility, etc. მთარგმნ:გია ჭუმბურიძე; ზაზა ჭელიძე.
653 ## - INDEX TERM--UNCONTROLLED
Uncontrolled term პოლიტიკა:[პოლიტიკა,პოლიტოლოგია]
942 ## - ADDED ENTRY ELEMENTS (KOHA)
Koha item type წიგნი

არაა ხელმისაწვდომი ეგზემპლარები.